01822nam a22002297a 450000500170000000800410001702000180005804000070007604100120008308200170009510000240011224500300013626000440016630000260021036500530023652010490028965000280133870000310136694200120139799900190140995201640142820260513150529.0260507b |||||||| |||| 00| 0 eng d a9789358402094 cAL aEnglish a657.42bMADS aJ Madegowda9263919 aStrategic cost management aMumbaibHimalaya Publishing Housec2024 ax,590p.bPBc28x22 cm a6831b₹796.00c₹d₹995.00e20%f14-03-2026 aThis book, “Strategic Cost Management”, addresses the lack of literature in academic programs by offering a comprehensive guidance. After introducing the foundational aspects Cost Accounting, the book discusses comprehensively 15 key tools and techniques of Strategic Cost Management such as Activity-Based Costing, Target Costing, Balanced Scorecard, etc. Emphasizing practical application, each concept is analysed with relevant examples. The book aims to bridge theory with real-world relevance, making it a valuable resource for students, faculty members and practitioners seeking a deeper understanding of Strategic Cost Management. CONTENTS: – 1: Introduction – Cost Ascertainment to Strategic Cost Management 2: Activity-Based Costing 3: Life Cycle Costing 4: Target Costing 5: Learning Curve Theory 6: Pricing – Strategies, Policies and Methods 7: Transfer Pricing 8: JIT Policy 9: TQM and Quality Costs 10: Balanced Score Card 11: Theory of Constraints 12: Throughput Accounting 13: Miscellaneous Tools and Techniques of SCM aCost Accounting9263539 aGowda, Inchara P M9263527 2ddccBK c241410d241410 00102ddc40708MANaALbALcSKd2026-02-17eBiblios Book Point, Surathkal-575014g796.00l0o657.42 MADSp078128r2026-05-07 15:26:50v995.00w2026-03-14yBK